| 000 | 00513nam a2200181Ia 4500 | ||
|---|---|---|---|
| 005 | 20250508162414.0 | ||
| 008 | 008 250505s9999 xx 000 0 eng d | ||
| 037 | _aTextual | ||
| 040 |
_aFEDL _beng _cFEDL |
||
| 041 |
_aeng _2eng |
||
| 084 |
_a954, SHA _qFEDL |
||
| 100 | _aShastri Satyavrat | ||
| 245 | 0 | _aStudies in sanskrit and Indian culture in Thailand | |
| 260 |
_aDelhi, India _bParimal Publications _c1982 |
||
| 300 | _ax,111p. | ||
| 942 |
_cTEXL _h954, SHA |
||
| 999 |
_c1376338 _d1376338 |
||